| 000 | 00777cam a22002411 4500 | ||
|---|---|---|---|
| 001 | 69686 | ||
| 005 | 20231117161557.0 | ||
| 100 | _a19000001d2023 km|y0pory5003 ba | ||
| 101 | 1 |
_apor _cjpn |
|
| 102 | _aPT | ||
| 200 | 1 |
_aKokoro _fNatsume Sôseki _gtrad. do francês Helder Guégués |
|
| 205 | _a3.ª ed. | ||
| 210 | 9 |
_aBarcarena _cPresença _d2023 |
|
| 215 | _a302 p. | ||
| 225 |
_aGrandes narrativas _v815 |
||
| 510 | 1 |
_aLe pauvre coeur des hommes _zfre |
|
| 675 |
_a821.521-31 _vBN _zpor |
||
| 700 | 1 |
_951625 _aNatsume _bSôseki _f1867-1916 |
|
| 702 |
_aGuégués _bHelder _923309 |
||
| 801 | 0 |
_aPT _bBN _gRPC |
|
| 090 | _a69686 | ||
| 942 |
_cMON _n0 |
||